Hướng dẫn xây dựng quy chế công tác văn thư, lưu trữ của các cơ quan, tổ chức quy định chi tiết thi hành luật lưu trữ

সংরক্ষণ করুন:
গ্রন্থ-পঞ্জীর বিবরন
প্রধান লেখক: Thùy, Linh (Sưu tầm, hệ thống hóa)
অন্যান্য লেখক: Việt, Trinh (Sưu tầm, hệ thống hóa)
বিন্যাস: গ্রন্থ
ভাষা:Vietnamese
প্রকাশিত: Hà Nội Lao dộng 2013
বিষয়গুলি:
ট্যাগগুলো: ট্যাগ যুক্ত করুন
কোনো ট্যাগ নেই, প্রথমজন হিসাবে ট্যাগ করুন!
Thư viện lưu trữ: Trung tâm Học liệu Lê Vũ Hùng, Trường Đại học Đồng Tháp
LEADER 01112pam a22002778a 4500
001 00031142
005 20171026081025.0
008 130916s2013 ||||||viesd
020 |c 325000 
041 0 # |a vie 
082 1 4 |a 025  |b H561D 
100 1 # |a Thùy, Linh  |e Sưu tầm, hệ thống hóa 
245 1 0 |a Hướng dẫn xây dựng quy chế công tác văn thư, lưu trữ của các cơ quan, tổ chức quy định chi tiết thi hành luật lưu trữ  |c Thùy Linh, Việt Trinh (sưu tầm, hệ thống hóa) 
260 # # |a Hà Nội  |b Lao dộng  |c 2013 
300 # # |a 427 tr.  |c 28 cm. 
653 # # |a Công tác văn thư 
653 # # |a Hướng dẫn 
653 # # |a Xây dựng 
653 # # |a Quy chế 
653 # # |a Luật lưu trữ 
700 1 # |a Việt, Trinh  |e Sưu tầm, hệ thống hóa 
852 # # |j KM.0016060  |j KD.0014944 
852 # # |b Kho đọc  |j KD.0014944 
852 # # |b Kho mượn  |j KM.0016060 
910 |d 9/2013 
980 # # |a Trung tâm Học liệu Lê Vũ Hùng, Trường Đại học Đồng Tháp